000 00516 a2200169 4500
003 OSt
005 20240905124340.0
008 231017b |||||||| |||| 00| 0 eng d
040 _coclc
082 _a297.124
_bGHA/T
100 _aGhafoor, Abdul O K
_99735
245 _aThasqeelul Mirath bi sharahi muqaddimathil miskath /
_cDr. O K Abdul Ghafoor
250 _a3rd ed.
260 _aKottakkal:
_bWafa Books,
_c2019.
300 _a400p. ;
942 _2ddc
_cBK
_h297.124
_iGHA/T
_k297.124
_mGHA/T
999 _c42737
_d42737